BIBLIOTHÈQUE DE LA MAISON DU MEXIQUE

Logo 1 Logo 2

Política interna e invasión norteamericana en el estado de México (notice nᵒ 4832)

détails MARC
000 -Sello discográfico
campo de control de longitud fija 01175nam0a2200301 4500
005 - Identificación de versión
campo de control 20251016083915.0
010 ## - Número Estándar Internacional de Libros (ISBN)
Número (ISBN) 970-669-030-1
035 ## - Otros números de control del sistema
Número de control del sistema 33644
099 ## - fechas locales
Tipo de ítem Koha LIBRO
100 ## - Datos de procesamiento general
Datos de procesamiento general 20110901d2000 m y0spay5003 ba
105 ## - Campo de datos codificados: Material textual, monográfico
Datos codificados de monografía a 001zy
200 1# - Título y mención de responsabilidad
Título propio Política interna e invasión norteamericana en el estado de México
Designación general del material texto impreso
Otra información del título 1846-1848
Primer mención de responsabilidad María del Carmen Salinas Sandoval
205 ## - Declaración de edición
Declaración de edición 1a ed
210 ## - Publicación, distribución, etc.
Lugar de publicación, distribución, etc. México
Nombre del editor, distribuidor, etc. El Colegio Mexiquense
Fecha de publicación, distribución, etc. 2000
215 ## - Descripción física
Designación de material específico y extensión del ítem 217 p
Otras características físicas cuadros, mapas
Dimensiones 23 cm
320 ## - Nota de índices/bibliografías internas
Texto de la nota Siglas y referencias bibliográficas: p.209-217
345 ## - Nota de información de adquisición
Fuente de adquisición/dirección de la suscripción [OBSOLETO] Donación María del Carmen Salinas Sandoval
607 ## - Nombre geográfico utilizado como tema
Elemento de entrada México (Estado)
Subdivisión temática Historia
Subdivisión cronológica Invasión americana, 1846-1848
Número Koha 9313
607 ## - Nombre geográfico utilizado como tema
Elemento de entrada México (Estado)
Subdivisión temática Política y gobierno
Subdivisión cronológica 1821-1861
Número Koha 9314
607 ## - Nombre geográfico utilizado como tema
Elemento de entrada México
Subdivisión temática Historia
Subdivisión cronológica Guerra con Estados Unidos, 1845-1848
Número Koha 487
700 ## - Nombre personal - Responsabilidad primaria
Elemento de entrada Salinas Sandoval
Parte del nombre distinta del elemento de entrada María del Carmen
Número Koha 9315
801 #0 - Fuente de origen
País FR
Agencia cm
Reglas de catalogación (convenciones descriptivas) AFNOR
900 ## -
-- 1/20284
942 ## - ELEMENTOS DE ENTRADA SECUNDARIOS (KOHA)
Tipo de ítem Koha Livre
996 ## -
-- MEX
-- 751145101
-- MMAG
-- 000114
-- 972.05 S165P
-- 20110901LIV
Exemplaires
Estatus retirado Estado de daño Estado de pérdida Fecha de adquisición Biblioteca de origen Biblioteca actual Ubicación en estantería Código de barras Precio de reemplazo Signatura topográfica completa No para préstamo Tipo de ítem Koha Nota pública Nota no pública
      05/08/2025 Casa México Paris Casa México Paris   000114 05/08/2025 972.05 S165P   Livre 20110901LIV 751145101